| 000 | 02091cam a2200505 a 4500 | ||
|---|---|---|---|
| 001 | 12171880 | ||
| 003 | OSt | ||
| 005 | 20140310184311.0 | ||
| 008 | 000913s2002 nyua c b 000 1 eng | ||
| 010 | _a 00047298 | ||
| 020 | _a0439474841 | ||
| 040 |
_aDLC _cDLC _dDLC |
||
| 042 | _alcac | ||
| 050 | 0 | 0 |
_aPZ 7 _b.M9873Le 2002 |
| 082 | 0 | 0 | _a[Fic] |
| 100 | 1 |
_aMyers, Laurie. _923285 |
|
| 245 | 1 | 0 |
_aLewis and Clark and me : _ba dog's tale / _cLaurie Myers ; illustrations by Michael Dooling. |
| 250 | _a1st ed. | ||
| 260 |
_aNew York : _bHenry Holt & Co., _c2002. |
||
| 300 |
_a64 p. : _bcol. ill. ; _c24 cm. |
||
| 504 | _aIncludes bibliographical references. | ||
| 520 | _aSeaman, Meriwether Lewis's Newfoundland dog, describes Lewis and Clark's expedition, which he accompanied from St. Louis to the Pacific Ocean. | ||
| 521 | _aG2 | ||
| 526 | _c470 | ||
| 541 | _j1 | ||
| 541 | _j1 | ||
| 541 | _j1 | ||
| 562 | _e1 | ||
| 600 | 1 | 0 |
_aLewis, Meriwether, _d1774-1809 _vJuvenile fiction. _923286 |
| 600 | 1 | 0 |
_aClark, William, _d1770-1838 _vJuvenile fiction. _923287 |
| 600 | 1 | 1 |
_aLewis, Meriwether, _d1774-1809 _vFiction. _923288 |
| 600 | 1 | 1 |
_aClark, William, _d1770-1838 _vFiction. _923289 |
| 611 | 2 | 0 |
_aLewis and Clark Expedition (1804-1806) _vJuvenile fiction. _923290 |
| 611 | 2 | 1 |
_aLewis and Clark Expedition (1804-1806) _vFiction. _923291 |
| 650 | 0 |
_aSeaman (Dog) _vJuvenile fiction. _923292 |
|
| 650 | 1 |
_aSeaman (Dog) _vFiction. _923293 |
|
| 650 | 1 |
_aDogs _vFiction. _923294 |
|
| 650 | 1 |
_aNewfoundland dog _vFiction. _923295 |
|
| 700 | 1 |
_aDooling, Michael, _eill. _923296 |
|
| 856 | 4 | 2 |
_3Publisher description _uhttp://www.loc.gov/catdir/description/hol031/00047298.html |
| 856 | 4 | 2 |
_3Contributor biographical information _uhttp://www.loc.gov/catdir/enhancements/fy0610/00047298-b.html |
| 906 |
_a7 _bcbc _corignew _d1 _eocip _f20 _gy-gencatlg |
||
| 942 |
_2lcc _cBK-SCHOLAS |
||
| 999 |
_c33529 _d33529 |
||